000 04102nam a22003137i 4500
001 TCPA 55
003 gtcocun
005 20250910225702.0
006 a||||gr|||| 00| 0
008 250910b2018 gt ||||| m||| 00| 0 eng d
040 _agtcocun
_bSPA
_cgtcocun
_eRDA
041 _aSPA
084 _0TCPA 55
100 _aChávez Caal, Selvin Isaac
_eAutor
245 _aInforme final del Ejercicio Profesional Supervisado, realizado en Fundaciónb Menonita Kekchi, San Pedro Carchá, Alta Verapaz/
_cSelvin Isaac Chávez Caal
_hImpreso
264 _aCobán, Alta Verapaz:
_bUniversidad de San Carlos de Guatemala, Centro Universitario del Norte, Licenciatura en Contaduría Pública y Auditoría.
_c2018
300 _a61 p.:
_bIlustraciones, gráficas.
_c28 cm; PDF
336 _2rdacontenido
_aTexto
_btxt
337 _2rdamedio
_aComputadora
_bn
338 _2rdasoporte
_aCódigo en línea
_bcr
502 _e.
502 _aTesis de grado
_bLicenciatura en Contaduría Pública y Auditoría.
_cUniversidad de San Carlos de Guatemala, Centro Universitario del Norte, Licenciatura en Contaduría Pública y Auditoría.
_d2018
_oTCPA 55
520 1 4 _aLa Universidad de San Carlos de Guatemala con su extensión Centro Universitario del Norte (CUNOR), comprometida con su labor social, orienta a sus estudiantes a desarrollar los conocimientos adquiridos durante su formación profesional en beneficio de la sociedad. Por tanto como parte del pensum de estudio de la carrera de Contaduría Pública y Auditoría, existe el Ejercicio Profesional Supervisado, que está orientado a beneficiar a la sociedad guatemalteca, se establece el informe final de la práctica como base para la elaboración del trabajo de graduación. En la Fundación Menonita Kekchi fue donde se desarrolló el ejercicio profesional supervisado, constituida como una institución no lucrativa orientada a beneficiar a personas de escasos recursos del área rural y urbana del municipio de San Pedro Carchá y San Juan Chamelco. Como primera fase de la actividad profesional se realizó un diagnóstico para detectar los puntos débiles y problemas que afectaban a la institución, se lograron priorizar los siguientes problemas: desactualización de los libros contables del programa de educación, incertidumbre en los datos financieros del programa de salud y exceso en el pago de impuestos. Para mitigar o eliminar estos problemas fue necesario la realización de un plan de trabajo que dio como resultado tres actividades, Reestructuración contable del programa de educación, auditoría a los estados financieros del programa de salud y manual contable. Como resultado de las actividades, se logró reestructurar la información contable del programa de educación del año 2012 hasta el 2015, se entregó a la fundación información financiera confiable. Asimismo se auditó los estados financieros del programa de salud, con esto se consiguió presentar estados financieros auditados además del informe sobre los riesgos al control interno. Por último se elaboró un manual contable que fue de beneficio a la fundación para manejar de forma eficiente las cuentas contables y fiscales para la correcta aplicación del pago de los impuestos. Los resultados entregados a la fundación contribuyen al fortalecimiento de un departamento de contabilidad eficiente. Se recomienda a la fundación supervisar la preparación de los registros contables para tenerlos actualizados y la utilización del manual para elaborar informes financieros confiables. En relación al área de salud se aconseja tomar las acciones debidas para minimizar riesgos al control interno y evaluar constantemente los datos financieros.
650 1 4 _2LEMB
_aCarchá, Alta Verapaz
_xEstados financieros
_xmanual contable
_xinforme de auditoría
700 _aLic. Teófilo Remigio Caal Barrientos
_eAsesor
856 _uhttps://drive.google.com/file/d/19elH1rAL0uIvqmIC7a9OHOAdlmyaA8H6/view?usp=sharing
_yPDF
_zUn ejemplar en línea.
942 _2ddc
_cTES
_iTCPA_55
_kClasificación
_n0
_6TCPA__55
999 _c1781
_d1781